• 首页
  • 本馆介绍
  • 公告通知
  • 最新文献
  • 馆藏检索
  • 电子资源
  • 读者导购
  • 参考咨询
  • 我的图书馆
  • 登录
  • 详细信息显示
  • 放入我的书架
  • 预约/预借图书
  • 作者相关作品
  • 分类相关作品
  • 丛书相关作品
  • 出版社相关作品

书目信息

  • 表格格式
  • 工作单格式
  • 卡片格式
题名:
建筑工程管理与结构设计
    
 
作者: 马兵 , 王勇 , 刘军 著
分册:  
出版信息: 长春   吉林科学技术出版社  2022.08
页数: 238页
开本: 26cm
丛书名:
单 册:
中图分类: TU71 , TU318
科图分类:
主题词: 建筑工程--jian zhu gong cheng--工程管理 , 建筑结构--jian zhu jie gou--结构设计
电子资源:
ISBN: 978-7-5578-9377-4
000 01292nam0 2200289 450
001 CAL 012022036561
005 20230217093112.0
010    @a978-7-5578-9377-4@dCNY58.00
100    @a20221020d2022 em y0chiy0120 ea
101 0  @achi
102    @aCN@b220000
105    @aa a 000yy
106    @ar
200 1  @a建筑工程管理与结构设计@Ajian zhu gong cheng guan li yu jie gou she ji@f马兵, 王勇, 刘军著
210    @a长春@c吉林科学技术出版社@d2022.08
215    @a238页@c图@d26cm
320    @a有书目 (第237-238页)
330    @a本书属于建筑工程管理与结构设计方面的著作, 是应用型土木工程专业、工程管理专业等建筑类专业的一门核心课程, 在建筑领域占有非常重要的地位。本书内容覆盖建筑工程质量、安全和检测要求的知识点, 注重实践性教学环节, 且理论与实践相结合, 培养学生理论联系实际、解决实际问题的能力。全书主要研究施工全过程的工程管理与控制, 分析建设项目管理方式方法, 阐述施工项目全过程的各阶段的结构设计, 对从事工程管理专业的研究学者与结构设计工作者有学习及参考的价值。
606 0  @a建筑工程@Ajian zhu gong cheng@x工程管理
606 0  @a建筑结构@Ajian zhu jie gou@x结构设计
690    @aTU71@v5
690    @aTU318@v5
701  0 @a马兵@Ama bing@4著
701  0 @a王勇@Awang yong@4著
701  0 @a刘军@Aliu jun@4著
801  0 @aCN@bBJXHZP@c20230228
905    @b1386015-8@dTU71@e2136@f4
    
    建筑工程管理与结构设计/马兵, 王勇, 刘军著.-长春:吉林科学技术出版社,2022.08
    238页:图;26cm
    
    
    ISBN 978-7-5578-9377-4:CNY58.00
    本书属于建筑工程管理与结构设计方面的著作, 是应用型土木工程专业、工程管理专业等建筑类专业的一门核心课程, 在建筑领域占有非常重要的地位。本书内容覆盖建筑工程质量、安全和检测要求的知识点, 注重实践性教学环节, 且理论与实践相结合, 培养学生理论联系实际、解决实际问题的能力。全书主要研究施工全过程的工程管理与控制, 分析建设项目管理方式方法, 阐述施工项目全过程的各阶段的结构设计, 对从事工程管理专业的研究学者与结构设计工作者有学习及参考的价值。
●
相关链接 在E读中查询图书 在五车中查询图书 在当当中查询图书 在豆瓣中查询图书


正题名:建筑工程管理与结构设计     索取号:TU71/2136         预约/预借

序号 登录号 条形码 馆藏地/架位号 状态 备注
1 1386015   213860151   第二样本阅览室/ [索取号:TU71/2136] 在馆    
2 1386016   213860160   第三借阅区/ [索取号:TU71/2136] 在馆    
3 1386017   213860179   第三借阅区/ [索取号:TU71/2136] 在馆    
4 1386018   213860188   第三借阅区/ [索取号:TU71/2136] 在馆    
唐山师范学院图书馆 欢迎您!
大连网信软件有限公司© 版权所有